Toutes les langues qui existent dans le monde - Statistiques

Statistiques générales
  • Ce quiz a été pris 62 fois
  • Le résultat moyen est 42 sur 118
Statistiques - réponses
Nombre de pays/états (langues officielles) Langue % Correct
103 Anglais
100%
38 Espagnol
95%
11 Portugais
95%
54 Français
93%
15 Allemand
91%
22 Arabe
91%
5 Chinois
84%
8 Italien
84%
1 Japonais
84%
6 Russe
84%
2 Turc
82%
2 Coréen
80%
2 Grec
80%
3 Suédois
79%
5 Roumain
75%
1 Norvégien
73%
8 Néerlandais
71%
2 Ukrainien
70%
1 Polonais
68%
3 Danois
66%
2 Hongrois
66%
1 Bulgare
64%
3 Croate
64%
4 Hindi
64%
1 Islandais
64%
1 Thaï
63%
1 Tchèque
61%
1 Finnois
59%
2 Irlandais
59%
6 Serbe
57%
1 Slovène
57%
1 Vietnamien
57%
1 Persan
55%
2 Slovaque
54%
1 Estonien
52%
1 Hébreu
52%
3 Albanais
50%
1 Arménien
50%
1 Bengali
50%
3 Créole
50%
1 Letton
50%
1 Lituanien
50%
1 Mongol
50%
1 Lao
46%
3 Malais
46%
1 Géorgien
45%
1 Tagalog
43%
4 Catalan
39%
1 Maltais
39%
3 Moldave
39%
1 Ouzbek
39%
1 Biélorusse
38%
1 Kazakh
38%
1 Macédonien
38%
1 Malgache
36%
2 Afrikaans
32%
1 Berbère
32%
1 Luxembourgeois
32%
6 Ourdou
32%
3 Swahili
32%
3 Bosniaque
30%
2 Romanche
30%
4 Tamoul
30%
2 Basque
29%
1 Somali
29%
1 Tadjik
29%
1 Azéri
27%
1 Birman
27%
1 Kirghiz
27%
1 Écossais
25%
1 Turkmène
25%
4 Kurde
23%
1 Monténégrin
23%
1 Khmer
21%
1 Gallois
20%
1 Amharique
14%
2 Maori
14%
1 Népali
14%
1 Pachtou
14%
1 Xhosa
14%
1 Samoan
13%
1 Comorien
11%
1 Hawaïen
11%
1 Maldivien
9%
1 Nauruan
9%
1 Cinghalais
7%
1 Farsi
7%
1 Groenlandais
7%
1 Guarani
7%
1 Kannada
7%
1 Swati
7%
1 Filipino
5%
1 Malayalam
5%
1 Dzongkha
4%
1 Féroïen
4%
1 Galicien
4%
1 Kinyarwanda
4%
1 Kirundi
4%
1 Marshallais
4%
2 Télougou
4%
1 Aranais
2%
1 Gagaouze
2%
1 Sango
2%
1 Sindhi
2%
1 Soto
2%
1 Tigrina
2%
1 Tonguien
2%
1 Tuvaluien
2%
1 Assamais
0%
1 ? Carolinien
0%
2 Chamorro
0%
1 Inuktitut
0%
1 Konkani
0%
1 Niuéen
0%
1 Paloasien
0%
1 Ruthène
0%
1 Tétum
0%
1 Tokelauien
0%
Aucun quiz correspondant
Distribution des résultats
% des personnes avec chaque résultat
Percentile par nombre de réponses
Votre historique - résultats
Vous n’avez pas pris ce quiz